000 00633nam a2200277Ia 4500
005 20260324145933.0
008 008 260324s9999 xx 000 0 eng d
020 _a9781003152972
037 _aEBOOK
040 _aCRL
040 _beng
040 _cCRL
041 _2eng
041 _aeng
084 _qCRL
100 _a Sipri
245 0 _aWeapons of Mass Destruction and the Environment
260 _bTaylor and Francis
260 _c1977
365 _a
365 _b150
856 _uhttp://www.taylorfrancis.com/books/9781003152972
942 _cEBOOK
999 _c1833325
_d1833325